00928nam a2200229Ia 4500003000900000008004100009020001800050040001600068080002400084111011100108245015700219260004500376300001000421490001100431650003300442650002900475650003900504700003000543942000700573999001700580952010100597IN-BaIIA211028s9999 xx 000 0 eng d a92-9092-744-5 cIIA Library a52(091)(082.2)bTHE aInternational Symposium on the History of the European Space AgencycLondon, U. K.d1998 Nov. 11-13925538 4aThe History of the european space agencybproceedings of an international symposium held in London, U. K., November 11-13, 1998cedited by R. A. Harris  aNetherlandsbEuropean Space Agencyc1999 a252p. aSP-436 aEuropean space agency925539 aScience programme925540 aSpace transportation system925541 aHarris, R. A., ed.925542 cBK c14404d14404 00104070aBANbBANcGENd2001-12-27l0o52(091)(082.2)/ THEp15324r2021-11-05w2001-12-27yBK